000 00283nam a22001337a 4500
008 170405b xxu||||| |||| 00| 0 eng d
020 _a9780130309570
041 _aeng
080 _a574
100 _a9
101 _aSHM
245 _aNATURAL HAZARDS
_cKELLER.E.A
942 _2udc
_cBK
999 _c9873
_d9873